[Event "Tourn. n8141"]
[Site "www.chess-mail.com"]
[Date "2015.04.26"]
[Round "1"]
[White "Vitoriccardo"]
[Black "Powerchess"]
[WhiteElo "1610"]
[BlackElo "1400"]
[Result "1-0"]
[Round "1"]
1.e4 c5
2.c3 d6
3.d4 cxd4
4.cxd4 g6
5.Ng1f3 Bf8g7
6.Bf1c4 e6
7.O-O Ng8e7
8.Nb1c3 O-O
9.Bc1f4 a6
10.a4 d5
11.exd5 exd5
12.Bc4b3 Nb8c6
13.Nf3e5 Nc6xe5
14.Bf4xe5 Bc8e6
15.Be5xg7 Kxg7
16.Ra1c1 Ne7f5
17.Rf1e1 Qd8d7
18.Re1e5 Rf8e8
19.Nc3xd5 Be6xd5
20.Re5xd5 Qd7e7
21.Rd5e5 Qe7d7
22.Re5xe8 Ra8xe8
23.Qd1d2 Qd7xd4
24.Qd2c2 h5
25.Kf1 Qd4f4
26.Qc2c7 Nf5e3
27.Kg1 { resign }
1-0

[Event "Tourn. n8174"]
[Site "www.chess-mail.com"]
[Date "2015.04.26"]
[Round "1"]
[White "Gambitchess"]
[Black "Zazi"]
[WhiteElo "1760"]
[BlackElo "1600"]
[Result "1-0"]
[Round "1"]
1.d4 Ng8f6
2.c4 b6
3.Nb1c3 Bc8b7
4.Bc1g5 e6
5.Ng1f3 h6
6.Bg5h4 g5
7.Bh4g3 Bf8b4
8.e3 d6
9.Bf1d3 h5
10.Nf3xg5 h4
11.Bg3f4 h3
12.f3 hxg2
13.Rh1g1 a5
14.Rg1xg2 Nf6h5
15.Qd1e2 Nh5xf4
16.exf4 f6
17.Bd3g6 Kd7
18.Qe2xe6 Kc6
19.Bg6e4 
1-0

[Event "Tourn. n8048"]
[Site "www.chess-mail.com"]
[Date "2015.04.26"]
[Round "1"]
[White "Fabos12"]
[Black "Julian"]
[WhiteElo "1870"]
[BlackElo "1980"]
[Result "0-1"]
[Round "1"]
1.e4 c5
2.d4 cxd4
3.Qd1xd4 Nb8c6
4.Qd4d1 Ng8f6
5.Nb1c3 d6
6.Ng1f3 a6
7.Bf1c4 e6
8.Bc4b3 Bf8e7
9.O-O O-O
10.Rf1e1 b5
11.Bc1g5 Bc8b7
12.e5 dxe5
13.Nf3xe5 Nc6xe5
14.Re1xe5 Qd8xd1
15.Ra1xd1 Rf8d8
16.Re5e1 Rd8xd1
17.Re1xd1 h6
18.Bg5xf6 Be7xf6
19.Rd1d7 Ra8b8
20.f3 Bf6xc3
21.bxc3 a5
22.a3 Bb7c6
23.Rd7c7 Bc6e8
24.c4 a4
25.Bb3a2 bxc4
26.Ba2xc4 Kf8
27.Kf2 Rb8b2
28.Bc4d3 f6
29.Bd3h7 f5
30.Rc7c8 Ke7
31.Ke3 g5
32.Kd3 g4
33.fxg4 fxg4
34.Bh7e4 Be8d7
35.Rc8h8 Bd7b5
36.Kd4 Rb2a2
37.Kc5 Bb5e2
38.Kb4 Kd6
39.Kxa4 Ke5
40.Be4h7 h5
41.Kb3 Ra2a1
42.Bh7g8 Ra1b1
43.Ka2 Rb1b6
44.Rh8xh5 Kd6
45.Bg8xe6 g3
46.Rh5h6 Ke5
 { time }
0-1

[Event "Tourn. n8126"]
[Site "www.chess-mail.com"]
[Date "2015.04.26"]
[Round "1"]
[White "Thetrolldoll"]
[Black "Cardiff"]
[WhiteElo "1840"]
[BlackElo "1960"]
[Result "0-1"]
[Round "1"]
1.d4 d5
2.c4 e5
3.dxe5 d4
4.Ng1f3 Nb8c6
5.g3 Bc8e6
6.Nb1d2 Qd8d7
7.Bf1g2 h6
8.O-O g5
9.Qd1b3 O-O-O
10.e3 dxe3
11.Qb3xe3 Bf8g7
12.b4 g4
13.b5 Nc6d4
14.Nf3xd4 Qd7xd4
15.Qe3xd4 Rd8xd4
16.Rf1d1 Ng8e7
17.Bc1b2 Rd4d7
18.Nd2e4 Rd7xd1
19.Ra1xd1 Be6xc4
20.Rd1c1 Bc4d5
21.Ne4d6 Kb8
22.Bg2xd5 Ne7xd5
23.Nd6xf7 Rh8f8
 { time }
0-1

[Event "Tourn. n8197"]
[Site "www.chess-mail.com"]
[Date "2015.04.26"]
[Round "1"]
[White "Guidom"]
[Black "Libiesse"]
[WhiteElo "2080"]
[BlackElo "2000"]
[Result "1/2-1/2"]
[Round "1"]
1.e4 c5
2.Ng1f3 e6
3.c4 Nb8c6
4.Nb1c3 a6
5.d3 Qd8c7
6.Bc1e3 Ng8f6
7.Bf1e2 Bf8e7
8.O-O O-O
9.h3 d6
10.a3 Bc8d7
11.Ra1c1 Rf8d8
12.Qd1d2 Nc6a5
13.Be2d1 b6
14.b4 cxb4
15.axb4 Na5xc4
16.Qd2e2 Nc4xe3
17.Qe2xe3 Qc7b7
18.e5 dxe5
19.Nf3xe5 Nf6d5
20.Nc3xd5 exd5
21.Bd1f3 Bd7e6
22.Ne5c6 Rd8e8
23.Nc6xe7 Re8xe7
24.Qe3d4 Re7c7
25.Rc1xc7 Qb7xc7
26.Qd4e3 Ra8c8
27.Qe3d4 Qc7c6
28.Rf1e1 Kf8
{ draw }
1/2-1/2

[Event "Tourn. n8136"]
[Site "www.chess-mail.com"]
[Date "2015.04.26"]
[Round "1"]
[White "Obisporey"]
[Black "Sonivano"]
[WhiteElo "2540"]
[BlackElo "2350"]
[Result "1-0"]
[Round "1"]
1.e4 e5
2.Ng1f3 Nb8c6
3.Bf1b5 Nc6d4
4.Nf3xd4 exd4
5.Bb5c4 Ng8f6
6.O-O Nf6xe4
7.Bc4xf7 Kxf7
8.Qd1h5 g6
9.Qh5d5 Kg7
10.Qd5xe4 Qd8f6
11.d3 c6
12.Bc1f4 d5
13.Qe4e5 Bf8e7
14.Qe5c7 Qf6f7
15.Bf4e5 Be7f6
16.Be5xf6 Kxf6
17.Qc7d6 Kg7
18.Rf1e1 Rh8e8
19.Re1xe8 Qf7xe8
20.Nb1d2 Qe8f8
21.Qd6e5 Qf8f6
22.Qe5e8 Qf6e6
23.Ra1e1 Qe6xe8
24.Re1xe8 Kf7
25.Re8h8 Kg7
26.Rh8d8 Kf6
27.b4 b6
28.f4 Ke7
29.Rd8h8 h5
30.Nd2b3 Kf6
31.Rh8h7 Bc8f5
32.Rh7c7 Ra8c8
33.Rc7xa7 c5
34.Ra7a6 { resign }
1-0

[Event "Tourn. n8144"]
[Site "www.chess-mail.com"]
[Date "2015.04.26"]
[Round "1"]
[White "Gilliere"]
[Black "Gandalf"]
[WhiteElo "1850"]
[BlackElo "1600"]
[Result "1-0"]
[Round "1"]
1.e4 c5
2.Ng1f3 d6
3.d4 cxd4
4.Qd1xd4 Nb8c6
5.Qd4d1 Bc8g4
6.Bf1e2 Ng8f6
7.Nb1c3 g6
8.h3 Bg4xf3
9.Be2xf3 Bf8g7
10.O-O Nc6e5
11.Nc3d5 Nf6xd5
12.exd5 O-O
13.c3 Ne5xf3
14.Qd1xf3 Qd8c7
15.Bc1e3 b6
16.Rf1d1 Ra8c8
17.a4 Qc7c4
{ time. }
1-0

[Event "Tourn. n8175"]
[Site "www.chess-mail.com"]
[Date "2015.04.26"]
[Round "1"]
[White "Olddog55"]
[Black "Forest"]
[WhiteElo "1670"]
[BlackElo "1570"]
[Result "1-0"]
[Round "1"]
1.d4 d5
2.Ng1f3 Ng8f6
3.e3 Bc8f5
4.Nf3e5 c6
5.g4 Bf5g6
6.Bf1h3 e6
7.f4 Bg6e4
8.Rh1g1 Bf8e7
9.g5 Nf6d7
10.Nb1d2 Nd7xe5
11.dxe5 Be4g6
12.Nd2f3 Bg6e4
{ time. }
1-0

[Event "Tourn. n8166"]
[Site "www.chess-mail.com"]
[Date "2015.04.26"]
[Round "1"]
[White "Cyrilgeorge"]
[Black "Forest"]
[WhiteElo "1429"]
[BlackElo "1570"]
[Result "1-0"]
[Round "1"]
1.d4 d5
2.e3 Ng8f6
3.Nb1c3 c6
4.f3 g6
5.Bf1d3 Bf8g7
6.Ng1e2 O-O
7.O-O e6
8.Ne2g3 Nb8d7
9.a3 b6
10.b4 Bc8b7
11.Qd1e2 { time. }
1-0

[Event "Tourn. n8208"]
[Site "www.chess-mail.com"]
[Date "2015.04.26"]
[Round "1"]
[White "Kesalon"]
[Black "Bojan"]
[WhiteElo "1970"]
[BlackElo "1960"]
[Result "1-0"]
[Round "1"]
1.e4 e5
2.Ng1f3 d6
3.d4 exd4
4.Nf3xd4 Bc8d7
5.Nb1c3 Nb8c6
6.Bc1e3 g6
7.Bf1c4 Nc6e5
8.Bc4b3 Bf8g7
9.O-O Ne5g4
10.Qd1f3 f6
11.Rf1e1 Ng8e7
12.Be3f4 Ng4e5
13.Bf4xe5 dxe5
14.Nd4e6 Bd7xe6
15.Bb3xe6 Ne7c6
16.Ra1d1 Qd8e7
17.Nc3d5 Qe7d6
18.Nd5xf6 Ke7
19.Rd1xd6 cxd6
20.Nf6d5 Kxe6
21.Nd5c7 Ke7
22.Nc7xa8 Rh8xa8
23.Qf3b3 b6
24.Qb3d5 Ra8c8
25.Re1d1 Nc6d4
26.Qd5b7 { resign }
1-0

[Event "Tourn. n8134"]
[Site "www.chess-mail.com"]
[Date "2015.04.26"]
[Round "1"]
[White "Easychess"]
[Black "Oliverio"]
[WhiteElo "1500"]
[BlackElo "1540"]
[Result "0-1"]
[Round "1"]
1.c4 e5
2.Nb1c3 Ng8f6
3.g3 d5
4.cxd5 Nf6xd5
5.Bf1g2 Nd5b6
6.d3 Bf8e7
7.Ng1f3 Nb8c6
8.O-O Bc8e6
9.h4 O-O
10.Bc1e3 Qd8d7
11.Nc3e4 Nb6d5
12.Be3c5 Ra8d8
13.Bc5xe7 Qd7xe7
14.a3 h6
15.b4 Be6c8
16.Ne4c5 f5
17.Qd1b3 Kh8
18.Ra1c1 e4
19.dxe4 fxe4
20.Nf3d2 e3
21.Bg2xd5 exd2
22.Rc1d1 Nc6d4
23.Qb3c4 Nd4xe2
24.Kg2 c6
25.Bd5f3 Ne2d4
{ resign }
0-1

[Event "Tourn. n8179"]
[Site "www.chess-mail.com"]
[Date "2015.04.26"]
[Round "1"]
[White "Derfel83"]
[Black "Genius7"]
[WhiteElo "1840"]
[BlackElo "1770"]
[Result "1-0"]
[Round "1"]
1.e4 Ng8f6
2.e5 Nf6d5
3.d4 d6
4.Bf1c4 Nd5b6
5.Qd1e2 Nb6xc4
6.Qe2xc4 e6
7.Qc4c3 dxe5
8.dxe5 Nb8c6
9.Qc3g3 Qd8d5
10.Ng1f3 Qd5e4
11.Bc1e3 Qe4xc2
{ time. }
1-0

[Event "Tourn. n8192"]
[Site "www.chess-mail.com"]
[Date "2015.04.26"]
[Round "1"]
[White "Antuan72"]
[Black "Libiesse"]
[WhiteElo "2020"]
[BlackElo "1990"]
[Result "1/2-1/2"]
[Round "1"]
1.e4 c5
2.Nb1c3 e6
3.f4 Nb8c6
4.Ng1f3 d6
5.Bf1b5 Qd8c7
6.O-O a6
7.Bb5xc6 Qc7xc6
8.d3 b5
9.Bc1d2 Bf8e7
10.a3 Bc8b7
11.Qd1e1 Ra8d8
12.Nc3e2 d5
13.Ne2g3 d4
14.f5 g6
15.fxe6 Qc6xe6
16.Nf3g5 Be7xg5
17.Bd2xg5 f6
18.Bg5d2 Ng8e7
19.b3 O-O
{ draw }
1/2-1/2

[Event "Tourn. n8100"]
[Site "www.chess-mail.com"]
[Date "2015.04.26"]
[Round "1"]
[White "Terrible"]
[Black "Difficult"]
[WhiteElo "2270"]
[BlackElo "2100"]
[Result "1-0"]
[Round "1"]
1.Ng1f3 c5
2.c4 Nb8c6
3.Nb1c3 Ng8f6
4.d4 cxd4
5.Nf3xd4 d6
6.g3 Bc8d7
7.Bf1g2 g6
8.O-O Bf8g7
9.Qd1d2 O-O
10.b3 Nc6xd4
11.Qd2xd4 Bd7c6
12.Bc1b2 Bc6xg2
13.Kxg2 a6
14.Rf1d1 Ra8c8
15.Nc3d5 Nf6h5
16.Qd4d2 Bg7xb2
17.Qd2xb2 Nh5g7
18.Ra1c1 Ng7e6
19.e4 Ne6c7
20.Nd5b6 Rc8b8
21.Qb2d4 Nc7e6
22.Qd4e3 Qd8c7
23.Nb6d5 Qc7d8
24.e5 b5
25.cxb5 axb5
26.exd6 exd6
27.b4 Rb8b7
28.Qe3c3 Rb7a7
29.Nd5f6 Kh8
30.Nf6d7 Kg8
31.Nd7xf8 Qd8xf8
32.Qc3c8 Ra7xa2
33.Rd1xd6 { resign }
1-0

[Event "Match"]
[Site "www.echecsemail.com"]
[Date "2015.04.26"]
[Round "1"]
[White "Pariolinius"]
[Black "Ztornad"]
[WhiteElo "1840"]
[BlackElo "1750"]
[Result "0-1"]
[Round "1"]
1.d4 d5
2.c4 e5
3.dxe5 dxc4
4.Bc1d2 a5
5.Nb1c3 Bc8e6
6.a4 Bf8b4
7.Ng1f3 Ng8e7
8.e4 Nb8a6
9.Bf1e2 Na6c5
10.O-O Nc5d3
11.Qd1c2 Nd3c5
12.Ra1d1 O-O
13.Bd2e3 Qd8c8
14.Nf3d4 Be6g4
15.f3 Bg4h5
16.Be2xc4 Bh5g6
17.f4 Kh8
18.f5 Bg6h5
19.Nd4e2 f6
20.Be3d4 Nc5d7
21.e6 Nd7e5
22.Bc4a2 Ra8a6
23.Rd1c1 Ne7c6
24.Bd4f2 Rf8e8
25.Nc3d5 Bb4d6
26.Rf1d1 Nc6b4
27.Nd5xb4 axb4
28.Rd1e1 Ra6c6
29.Qc2b1 Rc6xc1
30.Qb1xc1 Ne5d3
31.Qc1d2 Nd3xf2
32.Kxf2 Re8d8
33.Qd2c1 b6
34.Ne2d4 Bd6c5
{ resign }
0-1

[Event "Match"]
[Site "www.echecsemail.com"]
[Date "2015.04.26"]
[Round "1"]
[White "Bertel"]
[Black "Ostapbender"]
[WhiteElo "2380"]
[BlackElo "2620"]
[Result "0-1"]
[Round "1"]
1.d4 d5
2.c4 e6
3.Nb1c3 Ng8f6
4.Ng1f3 c5
5.e3 a6
6.cxd5 exd5
7.Bf1e2 Nb8c6
8.O-O Bf8d6
9.dxc5 Bd6xc5
10.a3 O-O
11.b4 Bc5a7
12.Bc1b2 Bc8e6
13.Ra1c1 d4
14.exd4 Nc6xd4
15.Nf3xd4 Ba7xd4
16.Be2f3 a5
17.b5 Rf8e8
18.Nc3a4 Bd4xb2
19.Qd1xd8 Ra8xd8
20.Na4xb2 Be6d5
21.Nb2c4 Bd5xf3
22.gxf3 a4
23.Rf1d1 g6
24.Nc4b6 Rd8xd1
25.Rc1xd1 Re8e5
26.Rd1b1 Re5f5
27.Kg2 Kg7
28.Nb6xa4 Nf6d5
29.Rb1b3 Nd5f4
30.Kf1 Rf5d5
31.Na4b2 Rd5c5
32.Nb2d1 Rc5c1
33.Ke1 Rc1c2
34.Rb3c3 Rc2a2
35.Rc3c7 b6
36.Rc7c6 Nf4d3
37.Kf1 Ra2d2
38.Nd1e3 Rd2xf2
39.Kg1 Rf2b2
40.Rc6xb6 Nd3e5
41.h3 Ne5xf3
42.Kf1 Rb2b3
43.Ne3c4 Rb3c3
44.Kf2 Nf3d4
45.Nc4d6 Rc3xa3
46.Rb6b7 Kf6
47.Rb7xf7 Ke6
48.Rf7xh7 Kxd6
49.Rh7h6 Ra3f3
{ resign }
0-1

[Event "Match"]
[Site "www.echecsemail.com"]
[Date "2015.04.26"]
[Round "1"]
[White "Bertel"]
[Black "Muchomurka"]
[WhiteElo "2370"]
[BlackElo "2480"]
[Result "1/2-1/2"]
[Round "1"]
1.d4 Ng8f6
2.c4 g6
3.Nb1c3 Bf8g7
4.e4 d6
5.Bf1e2 O-O
6.Ng1f3 Nb8d7
7.O-O e5
8.Rf1e1 c6
9.Be2f1 exd4
10.Nf3xd4 Nf6g4
11.Qd1xg4 Bg7xd4
12.Qg4d1 Qd8f6
13.Bc1e3 Bd4xe3
14.Re1xe3 Nd7e5
15.h3 Rf8d8
16.Qd1d2 Bc8e6
17.b3 a6
18.a4 a5
19.Ra1d1 Ra8c8
20.Re3g3 Qf6h4
21.Qd2e3 f5
22.f4 Ne5f7
23.Bf1d3 Rd8e8
24.Qe3f2 Qh4f6
25.exf5 Be6xf5
26.Bd3xf5 Qf6xf5
27.Rg3e3 Re8xe3
28.Qf2xe3 Qf5c2
29.Rd1e1 Qc2xb3
30.Qe3e6 Rc8f8
31.Nc3e4 Qb3b2
32.Ne4f6 Kg7
33.Nf6d7 Qb2d4
34.Kh1 Rf8d8
35.Re1e4 Qd4d3
36.Qe6f6 Kg8
37.Re4e7 Qd3f5
38.Qf6xf5 gxf5
39.g4 d5
40.cxd5 cxd5
41.Kg2 d4
42.Kf1 fxg4
43.hxg4 h6
44.Ke2 Nf7d6
45.Kd3 b5
46.axb5 Nd6xb5
47.Nd7f6 Kf8
48.Re7e5 Kf7
49.Nf6e4 Nb5c3
{ draw }
1/2-1/2

[Event "Match"]
[Site "www.echecsemail.com"]
[Date "2015.04.26"]
[Round "1"]
[White "Mdesouza"]
[Black "Dany2005"]
[WhiteElo "2180"]
[BlackElo "2130"]
[Result "1-0"]
[Round "1"]
1.e4 e6
2.d4 d5
3.Nb1d2 Ng8f6
4.e5 Nf6d7
5.Bf1d3 c5
6.c3 Nb8c6
7.Ng1e2 a6
8.a4 cxd4
9.cxd4 Nc6b4
10.Bd3b1 Nd7b6
11.O-O g6
12.Nd2f3 h6
13.Qd1b3 Nb4c6
14.g3 Bf8g7
15.Bc1d2 O-O
16.Rf1c1 Nb6c4
17.Bd2c3 Qd8c7
18.Qb3c2 a5
19.Nf3h4 Qc7e7
20.b3 Nc4b6
21.Ne2f4 Bc8d7
22.Nh4xg6 fxg6
23.Qc2xg6 Rf8f7
24.Qg6h7 Kf8
25.Nf4g6 { resign }
1-0

[Event "Match"]
[Site "www.echecsemail.com"]
[Date "2015.04.26"]
[Round "1"]
[White "Samdriver"]
[Black "Swampcat"]
[WhiteElo "1499"]
[BlackElo "1359"]
[Result "0-1"]
[Round "1"]
1.h4 e5
2.Rh1h3 d5
3.Rh3d3 Bc8f5
4.e4 Bf5xe4
5.Rd3b3 d4
6.Rb3b5 Be4d5
7.Ng1f3 Ng8f6
8.Nf3xe5 a6
9.Rb5xb7 Bd5xb7
10.g4 Nb8d7
11.Ne5c4 Bf8e7
12.Nc4a5 Qd8b8
13.c4 c5
14.Qd1a4 Nf6xg4
15.Qa4b3 Be7xh4
16.Qb3h3 Bh4xf2
17.Ke2 Qb8e5
18.Kd3 Qe5e4

0-1

[Event "Match"]
[Site "www.echecsemail.com"]
[Date "2015.04.26"]
[Round "1"]
[White "Krystek23"]
[Black "Darko10"]
[WhiteElo "2300"]
[BlackElo "2370"]
[Result "0-1"]
[Round "1"]
1.Ng1f3 d6
2.d4 Ng8f6
3.c4 g6
4.Nb1c3 Bf8g7
5.e4 O-O
6.Bc1e3 Nf6g4
7.Be3g5 h6
8.Bg5h4 Ng4f6
9.Qd1d2 g5
10.Bh4g3 Nf6h5
11.Bf1e2 c5
12.d5 Bc8d7
13.Nf3g1 Nh5xg3
14.hxg3 e5
15.Ng1f3 f5
16.Nf3h2 Nb8a6
17.a3 Qd8f6
18.Be2h5 Na6c7
19.g4 f4
20.a4 Nc7e8
21.Bh5xe8 Ra8xe8
22.f3 a6
23.Nh2f1 Re8b8
24.a5 b5
25.cxb5 axb5
26.Nc3e2 Rb8a8
27.b4 Rf8c8
28.Qd2b2 Qf6d8
29.Nf1d2 Qd8c7
30.Kf2 Qc7a7
31.Rh1c1 cxb4
32.Kf1 Rc8xc1
33.Ne2xc1 b3
34.Nd2xb3 b4
35.Qb2f2 Qa7a6
36.Kg1 Ra8b8
37.Qf2d2 Bg7f6
38.Kh1 Bf6d8
39.Kg1 Kf7
40.Ra1a2 Kg6
41.Qd2e2 Bd7b5
42.Qe2d2 Bb5c4
43.Qd2b2 h5
44.gxh5 Kxh5
45.Qb2f2 Kg6
46.g4 Rb8c8
47.Ra2c2 Bd8xa5
48.Nb3xa5 Qa6xa5
49.Nc1b3 Qa5d8
50.Nb3d2 Bc4d3
51.Rc2c6 Rc8xc6
52.dxc6 Qd8c7
53.Qf2h2 Qc7xc6
54.Qh2h5 Kf6
55.Qh5h6 Kf7
56.Qh6h5 Ke6
57.Kg2 Kd7
58.Qh5f7 Kc8
59.Qf7g8 Kb7
60.Qg8d5 Qc6xd5
61.exd5 Kb6
62.Kf2 Kc5
63.Ke1 Bd3c2
64.Ke2 Kxd5
65.Nd2f1 b3
66.Kd2 e4
67.fxe4 Kd4
68.Kc1 Kc3
{ resign }
0-1

[Event "Match"]
[Site "www.echecsemail.com"]
[Date "2015.04.26"]
[Round "1"]
[White "Generalfree"]
[Black "Nestor"]
[WhiteElo "1850"]
[BlackElo "2140"]
[Result "1-0"]
[Round "1"]
1.d4 d5
2.Ng1f3 Ng8f6
3.h3 g6
4.e3 Bf8g7
5.c4 O-O
6.Nb1c3 c6
7.c5 b6
8.b4 bxc5
9.bxc5 Qd8a5
10.Bc1d2 Qa5c7
11.Bf1d3 Bc8a6
12.Bd3xa6 Nb8xa6
13.a3 Ra8b8
14.O-O Nf6e4
15.Nc3xe4 dxe4
16.Nf3g5 Rb8b2
17.Ng5xe4 Rf8b8
18.Qd1a4 f5
19.Bd2c1 fxe4
20.Bc1xb2 Na6xc5
21.Qa4c4 Kh8
22.Qc4xc5 Rb8xb2
23.Rf1b1 Qc7b7
24.Rb1xb2 Qb7xb2
25.Ra1f1 Qb2b7
26.Rf1c1 Bg7f8
27.Qc5e5 Kg8
28.Qe5xe4 e6
29.Qe4xe6 Kh8
30.Rc1xc6 Qb7b8
31.Rc6c8 Qb8b1
32.Kh2 Kg7
33.Rc8c7 Kh6
34.Qe6d7 Qb1b8
35.Qd7xh7 Kg5
36.f4 Kf5
37.Rc7f7 Ke4
38.Qh7xg6 Kxe3
39.Qg6g3 Kxd4
40.Rf7d7 Kc5
41.Qg3c3 Kb6
42.Qc3b3 Ka6
43.Qb3xb8 Bf8b4
44.Rd7xa7 
1-0

[Event "Match"]
[Site "www.echecsemail.com"]
[Date "2015.04.26"]
[Round "1"]
[White "Bbking"]
[Black "Generalfree"]
[WhiteElo "1470"]
[BlackElo "1800"]
[Result "0-1"]
[Round "1"]
1.e4 e5
2.Ng1f3 Nb8c6
3.Bf1b5 Ng8e7
4.Bb5xc6 Ne7xc6
5.d4 exd4
6.Nf3xd4 Nc6xd4
7.Qd1xd4 c6
8.Bc1h6 f6
9.O-O gxh6
10.Nb1c3 b5
11.e5 c5
12.Qd4d5 Ra8b8
13.a4 Bc8b7
14.Qd5b3 fxe5
15.Nc3xb5 a6
16.Nb5d6 Bf8xd6
17.a5 Bb7xg2
18.Qb3d3 Bg2xf1
19.Ra1xf1 Qd8g5
20.Qd3g3 Rb8xb2
21.Qg3xg5 hxg5
22.c4 Rb2c2
{ resign }
0-1

[Event "Match"]
[Site "www.echecsemail.com"]
[Date "2015.04.26"]
[Round "1"]
[White "Ugarovesk"]
[Black "Gambitchess"]
[WhiteElo "2019"]
[BlackElo "1730"]
[Result "1-0"]
[Round "1"]
1.c4 f5
2.Nb1c3 Ng8f6
3.d4 g6
4.Ng1f3 Bf8g7
5.Bc1f4 d6
6.Qd1d2 c6
7.Bf4h6 O-O
8.Bh6xg7 Kxg7
9.Qd2g5 h6
10.Qg5d2 Qd8c7
11.e3 e5
12.h3 e4
13.Nf3h2 Bc8e6
14.Bf1e2 Nb8d7
15.g4 d5
16.gxf5 gxf5
17.c5 b6
18.cxb6 axb6
19.Ra1c1 Qc7b7
20.a3 Kh7
21.Qd2c2 Rf8g8
22.Be2f1 b5
23.Nc3e2 Ra8c8
24.Ne2f4 Be6f7
25.b4 Nd7b6
26.Qc2c5 Nb6c4
27.Bf1xc4 dxc4
28.Qc5xf5 Kg7
29.Kd2 Qb7e7
30.Rc1g1 Kf8
31.Qf5xc8 { resign }
1-0

[Event "Match"]
[Site "www.echecsemail.com"]
[Date "2015.04.26"]
[Round "1"]
[White "Llord"]
[Black "Kesalon"]
[WhiteElo "1790"]
[BlackElo "1970"]
[Result "0-1"]
[Round "1"]
1.e4 e5
2.Ng1f3 Nb8c6
3.Nb1c3 Ng8f6
4.Bf1c4 Bf8c5
5.O-O d6
6.Nc3d5 Nf6xe4
7.d3 Ne4f6
8.Nd5xf6 Qd8xf6
9.Bc1g5 Qf6g6
10.Bg5h4 Bc8h3
11.Bh4g3 Bh3g4
12.Bc4d5 Ra8b8
13.Bd5e4 Qg6f6
14.Qd1d2 O-O
15.Bg3h4 Qf6e6
16.Nf3g5 Qe6h6
17.Be4xh7 Kh8
18.g3 f6
19.Ng5f7 Rf8xf7
20.Qd2xh6 gxh6
21.Bh7g6 Rf7f8
22.a3 Nc6d4
23.Bg6e4 Nd4xc2
24.Ra1c1 Nc2d4
25.b4 Nd4e2
{ resign }
0-1

[Event "1/16 Finale"]
[Site "www.chess-mail.com"]
[Date "2015.04.26"]
[Round "1"]
[White "Winterlude"]
[Black "Stepanpech"]
[WhiteElo "2540"]
[BlackElo "2420"]
[Result "1/2-1/2"]
[Round "1"]
1.e4 c5
2.Ng1f3 d6
3.Bf1b5 Bc8d7
4.Bb5xd7 Qd8xd7
5.O-O Nb8c6
6.Qd1e2 Ng8f6
7.Rf1d1 g5
8.c3 g4
9.Nf3h4 O-O-O
10.d4 d5
11.e5 Nf6e4
12.Bc1e3 h5
13.Nb1d2 Ne4xd2
14.Qe2xd2 e6
15.Be3g5 Bf8e7
16.g3 Be7xg5
17.Qd2xg5 Kb8
18.Ra1c1 cxd4
19.cxd4 Qd7e7
20.Qg5f4 Rd8c8
21.Rc1c5 Rc8c7
22.a3 Rh8c8
23.Rd1c1 a6
24.Qf4e3 Nc6a5
25.b4 Rc7xc5
26.bxc5 { draw }
1/2-1/2

[Event "1/128 Finale"]
[Site "www.chess-mail.com"]
[Date "2015.04.26"]
[Round "1"]
[White "Easychess"]
[Black "Maxlou"]
[WhiteElo "1440"]
[BlackElo "1710"]
[Result "0-1"]
[Round "1"]
1.d4 f5
2.Ng1f3 Ng8f6
3.b3 g6
4.Bc1b2 Bf8g7
5.c4 c5
6.dxc5 Nb8a6
7.e3 Na6xc5
8.Bf1e2 O-O
9.O-O d6
10.Nb1a3 Bc8d7
11.Nf3d4 a6
12.Be2f3 Nf6e4
13.Qd1c2 Ra8c8
14.Bf3xe4 fxe4
15.b4 Nc5d3
16.Ra1d1 d5
17.Qc2b3 e5
18.Nd4e2 dxc4
19.Qb3c2 b5
20.Ne2g3 Qd8h4
21.Bb2c3 Bd7g4
22.Rd1d2 Bg4e6
23.f3 Bg7h6
24.Rd2e2 Rf8f7
25.Ng3xe4 Bh6f8
26.Ne4g3 Bf8xb4
27.Bc3xb4 Nd3xb4
28.Qc2b2 Nb4d3
29.Qb2d2 Rc8d8
30.Ng3e4 Be6f5
31.Ne4g3 Nd3f4
32.exf4 Rd8xd2
{ resign }
0-1

[Event "1/128 Finale"]
[Site "www.chess-mail.com"]
[Date "2015.04.26"]
[Round "1"]
[White "Cyrilgeorge"]
[Black "Chtoubidou"]
[WhiteElo "1429"]
[BlackElo "1910"]
[Result "1-0"]
[Round "1"]
1.d4 d5
2.Ng1f3 c5
3.dxc5 Qd8a5
4.Nb1c3 Qa5xc5
5.Qd1xd5 Qc5xd5
6.Nc3xd5 Nb8a6
7.e4 e6
8.Bf1xa6 exd5
9.Ba6b5 Bc8d7
10.Bb5xd7 Kxd7
11.exd5 Ra8c8
12.c3 Bf8e7
13.Bc1e3 b6
14.O-O Ng8f6
15.Rf1d1 h6
16.Ra1c1 Rh8e8
17.c4 Be7c5
18.Be3xc5 bxc5
19.Rd1e1 Re8xe1
20.Rc1xe1 Rc8b8
21.b3 a5
22.Nf3d2 { resign }
1-0

[Event "Tourn. n8072"]
[Site "www.chess-mail.com"]
[Date "2015.04.27"]
[Round "1"]
[White "Cardiff"]
[Black "Andreachess"]
[WhiteElo "1960"]
[BlackElo "1920"]
[Result "0-1"]
[Round "1"]
1.e4 e5
2.Ng1f3 Nb8c6
3.Bf1c4 Bf8c5
4.d3 Ng8f6
5.O-O O-O
6.Nb1c3 h6
7.Nc3d5 d6
8.c3 Nf6xd5
9.Bc4xd5 Qd8f6
10.Bd5xc6 bxc6
11.d4 exd4
12.Nf3xd4 Qf6g6
13.Rf1e1 Bc8h3
14.Qd1f3 Bh3g4
15.Qf3g3 Bc5xd4
16.cxd4 Ra8b8
17.f3 Bg4h5
18.Qg3xg6 fxg6
19.g4 Rf8xf3
20.gxh5 gxh5
21.Kg2 Rb8f8
22.Re1e2 Rf3f1
23.b3 Rf1d1
24.Bc1b2 Rd1d3
25.e5 dxe5
26.dxe5 h4
27.e6 h3
28.Kg1 g5
29.Ra1f1 Rf8xf1
30.Kxf1 Kf8
31.e7 Ke8
32.Ke1 g4
33.Bb2e5 Kxe7
34.Be5xc7 Kd7
35.Bc7g3 a5
36.Re2d2 Rd3xd2
37.Kxd2 Ke6
38.Bg3c7 Kd5
39.Ke2 Ke4
40.Bc7xa5 g3
41.Kf1 gxh2
{ resign }
0-1

[Event "Tourn. n8085"]
[Site "www.chess-mail.com"]
[Date "2015.04.27"]
[Round "1"]
[White "Groz"]
[Black "Gorgo"]
[WhiteElo "2119"]
[BlackElo "2190"]
[Result "1/2-1/2"]
[Round "1"]
1.d4 Ng8f6
2.Ng1f3 d5
3.e3 e6
4.Bf1d3 c6
5.O-O Bf8e7
6.b3 O-O
7.Bc1b2 b6
8.Nb1d2 Nb8d7
9.c4 Bc8b7
10.Ra1c1 Ra8c8
11.Bd3b1 dxc4
12.Nd2xc4 c5
13.dxc5 Rc8xc5
14.Nc4e5 Rc5d5
15.Qd1e2 Nd7xe5
16.Bb2xe5 Rd5xe5
17.Nf3xe5 Qd8d5
18.Ne5f3 Qd5xf3
19.gxf3 Be7c5
20.Rf1d1 h6
21.Rc1xc5 bxc5
22.e4 Bb7c8
23.e5 Nf6d5
24.Qe2e4 g6
25.h4 Nd5c3
26.Qe4d3 Nc3xd1
27.Qd3xd1 Bc8b7
28.Qd1d7 Bb7xf3
29.Qd7d6 Rf8e8
30.Qd6xc5 Re8d8
31.Bb1c2 Bf3d5
32.Qc5c7 Rd8e8
33.a4 Kg7
34.Bc2b1 Bd5xb3
35.a5 Bb3d5
36.Qc7xa7 Re8c8
37.Qa7e3 Rc8c4
38.a6 Rc4xh4
39.f3 Rh4a4
40.Bb1e4 Bd5xe4
41.fxe4 Ra4xa6
42.Qe3f4 Ra6a2
43.Qf4f6 Kg8
44.Qf6d8 Kg7
45.Qd8f6 { draw }
1/2-1/2

[Event "Tourn. n7973"]
[Site "www.chess-mail.com"]
[Date "2015.04.27"]
[Round "1"]
[White "Jjmcbride"]
[Black "Libiesse"]
[WhiteElo "1800"]
[BlackElo "2030"]
[Result "1-0"]
[Round "1"]
1.e4 c5
2.d3 e6
3.c4 Nb8c6
4.Ng1f3 g6
5.Bc1d2 Qd8c7
6.Bd2c3 f6
7.d4 cxd4
8.Nf3xd4 Bf8g7
9.Bf1d3 a6
10.Qd1d2 e5
11.Nd4xc6 bxc6
12.O-O Ng8e7
13.Bc3b4 c5
14.Bb4a3 d6
15.b4 cxb4
16.Ba3xb4 Ne7c6
17.c5 Nc6xb4
18.Qd2xb4 Ra8b8
19.Qb4c4 Qc7xc5
20.Qc4xc5 dxc5
21.Bd3c4 Ke7
22.Rf1d1 Rb8b4
23.Nb1d2 Rh8d8
24.Bc4d5 Bc8e6
25.Nd2b3 Be6xd5
26.exd5 Kd6
27.Ra1c1 Rd8c8
28.Nb3a5 Rb4b5
29.Na5c6 Rc8c7
30.Nc6d8 f5
31.Nd8c6 e4
32.a4 Rb5b2
33.Nc6a5 Rb2a2
34.Rc1b1 Ra2xa4
35.Rb1b6 Ke5
36.Rb6e6 Kf4
37.Na5c6 Rc7d7
38.d6 Bg7f8
39.g3 Kf3
40.Nc6e5 Ke2
41.Ne5xd7 Kxd1
42.Nd7xf8 Ke2
43.d7 Kf3
44.h4 Ra4a1
45.Kh2 Ra1f1
46.d8Q Rf1xf2
47.Kg1 Rf2g2
48.Kf1 Rg2f2
49.Ke1 Rf2e2
50.Kd1 Kf2
51.Qd8a5 c4
52.Qa5c5 { resign }
1-0

[Event "Tourn. n8063"]
[Site "www.chess-mail.com"]
[Date "2015.04.27"]
[Round "1"]
[White "Difficult"]
[Black "Julian"]
[WhiteElo "2100"]
[BlackElo "2000"]
[Result "1-0"]
[Round "1"]
1.d4 d5
2.Bc1f4 Ng8f6
3.e3 e6
4.Ng1f3 Bf8d6
5.Bf4xd6 cxd6
6.Bf1d3 Nb8c6
7.O-O O-O
8.c3 e5
9.dxe5 dxe5
10.Bd3b5 Qd8e7
11.Nb1d2 d4
12.cxd4 exd4
13.Bb5xc6 bxc6
14.Nf3xd4 Bc8b7
15.Nd2f3 c5
16.Nd4f5 Qe7c7
17.Qd1e2 a5
18.Rf1d1 Rf8e8
19.Ra1c1 Ra8d8
20.Rd1xd8 Re8xd8
21.h3 Nf6e4
22.Qe2c2 g6
23.Nf5h6 Kg7
24.Nh6g4 h5
25.Ng4e5 f6
26.Ne5c4 f5
27.Rc1d1 Ne4d6
28.Qc2c3 Kh6
29.Nc4xd6 Bb7xf3
30.gxf3 Rd8xd6
31.Rd1xd6 Qc7xd6
32.f4 Qd6d1
33.Kg2 Qd1d5
34.Kh2 h4
35.Qc3h8 
1-0

[Event "Tourn. n8032"]
[Site "www.chess-mail.com"]
[Date "2015.04.27"]
[Round "1"]
[White "Francesco"]
[Black "Maredocla"]
[WhiteElo "2100"]
[BlackElo "2010"]
[Result "1/2-1/2"]
[Round "1"]
1.e4 e5
2.Ng1f3 Nb8c6
3.Bf1b5 a6
4.Bb5a4 b5
5.Ba4b3 d6
6.O-O Bc8g4
7.c3 Ng8f6
8.Rf1e1 g6
9.h3 Bg4d7
10.d4 exd4
11.cxd4 Bf8g7
12.Nb1c3 Qd8c8
13.Bc1f4 O-O
14.Ra1c1 Nf6h5
15.Bf4h2 Kh8
16.a3 Bg7h6
17.Rc1c2 Bh6f4
18.Kh1 Bf4xh2
19.Nf3xh2 Nh5f4
20.Qd1f3 Nc6xd4
21.Qf3xf4 Nd4xb3
22.Nc3d5 Qc8d8
23.Rc2xc7 Bd7e6
24.Qf4f6 Qd8xf6
25.Nd5xf6 Kg7
26.Nf6g4 Nb3c5
27.b4 Nc5d3
28.Re1d1 Be6c4
29.Kg1 Rf8e8
30.f3 Re8d8
31.Ng4e3 Nd3e5
32.f4 Ne5d3
33.Ne3xc4 bxc4
34.Nh2f3 Nd3xf4
35.Rc7xc4 d5
36.exd5 Rd8xd5
37.Rd1xd5 Nf4xd5
38.Kf2 Nd5f6
39.Rc4c7 a5
40.b5 a4
41.Nf3e5 Ra8f8
42.Rc7a7 Nf6d5
43.Ra7xa4 Rf8b8
44.Ra4a7 Rb8xb5
45.Ra7xf7 Kg8
46.Rf7a7 Rb5b2
47.Kf3 Rb2a2
48.a4 Ra2a3
49.Ke4 Nd5c3
50.Kf4 Ra3xa4
51.Ra7xa4 Nc3xa4
52.g4 Kg7
53.h4 h6
54.Ne5xg6 Kxg6
55.Ke5 Na4c3
56.Ke6 Nc3e4
57.Ke5 Ne4f2
{ draw }
1/2-1/2